Statistics for US Minor Outlying Islands

Click here to take the quiz!

General Stats

  • This quiz has been taken 8 times
  • The average score is 7 of 9

Answer Stats

Answer% Correct
Johnston Atoll
100%
Midway Atoll
100%
Kingman Reef
86%
Navassa Island
86%
Baker Island
71%
Palmyra Atoll
71%
Wake Island
71%
Howland Island
57%
Jarvis Island
57%

Score Distribution

Percentile by Number Answered

Percent of People with Each Score

Your Score History

You have not taken this quiz